000 00756cam a2200229 a 4500
001 000007527
005 20200929154211.0
008 991111s1997 mx b f001 p spa
020 _a9701806956
020 _a9789701806951
040 _aDO-SdBNP
_bDLC
_dBNPHU
082 _aM863.44
_bG216p
100 1 _aGarcía Bergua, Ana,
_d1960-
_920904
245 1 0 _aPostales desde el puerto :
_binstantáneas de Veracruz /
_cAna García Bergua.
260 _aMexico, D.F. :
_bConsejo Nacional para la Cultura y las Artes,
_c1997.
300 _a89 p. ;
_c21 cm.
490 1 _aCuadernos de viaje
650 4 _aNovela mexicana
_93959
650 4 _aLiteratura mexicana
_ySIGLO XX
_99216
830 0 _aCuadernos de viaje ;
_920905
910 _aCatalogación derivada / LC
999 _c7308
_d7308